000 00731nam a2200253 i 4500
001 bg
245 0 0 _aSQL w 3 tygodnie /
_cRyan K. Stephens [et al. ; tł. z ang. Tomasz Kundera].
246 _iTyt. oryg.:
_aTeach yourself SQL in 21 days
260 _aWarszawa :
_bLT&P,
_ccop.1999.
300 _a644, [1] s. ;
_c24 cm.
500 _aTyt. oryg.: "Teach yourself SQL in 21 days" 2nd ed.
650 9 _aSQL
655 _aPodręczniki
700 1 _aSTEPHENS, Ryan K.
020 _a0672311100 (oryg.)
020 _a8387115134
040 _cBPK
041 1 _apl
_hen
080 _a004.438(07)SQL
920 _a0-672-31110-0 (oryg.)
920 _a83-87115-13-4
942 _cKS
008 s pl f |000 0 pol
999 _c36040
_d36040
856 _uhttp://koha.tu.koszalin.pl/cgi-bin/koha/opac-detail.pl?biblionumber=36040
_yKatalog online BPK